000 00471nam a2200169Ia 4500
999 _c20715
_d20715
003 OSt
005 20201001150819.0
008 190216s9999||||xx |||||||||||||| ||und||
040 _coclc
082 _a551
_bNEG/P
100 _aNegi, Balbir Singh
_92935
245 0 _aPhysical Geography /
_cBalbir Singh Negi
260 _bS J Publications,
_c1998.
_aMeerut:
300 _a577p
650 _aGeography
942 _cBK
_2ddc
_h551
_iNEG/P
_k551
_mNEG/P